| 000 | 01746cam a2200301 a 4500 | ||
|---|---|---|---|
| 003 | OSt | ||
| 005 | 20200911131908.0 | ||
| 008 | 030912t 2003ck ad rb 000 0 spa d | ||
| 020 | _a9589676081 | ||
| 040 |
_aCO-BoPUJ _cCO-JMCR |
||
| 041 | 1 |
_aspa _heng |
|
| 082 | 0 | 4 |
_a378.17 / _bP695c _221 |
| 100 | 1 |
_aPizarro, Roberto, _etraductor _99708 |
|
| 245 | 1 | 0 |
_aConstruir sociedades de conocimiento : _bnuevos desafíos para la educación terciaria / _cTraducción, Roberto Pizarro |
| 246 | 0 | 4 | _aConstruir sociedades de conocimiento nuevos retos para la educación terciaria |
| 260 |
_aBogotá : _bBanco Mundial, _cc2003. |
||
| 300 |
_axxxiii, 213 páginas : _bilustraciones, diagramas ; _c23 cm. |
||
| 490 | 0 | _aDirections In Development | |
| 504 | _aIncluye referencias bibliográficas páginas 205-213. | ||
| 505 | 0 | _aPanorama general y principales hallazgos. -- Un entorno global en constante cambio. -- Contribución de la educación terciaria al desarrollo social y económico. -- Antiguos retos por enfrentar: la crisis permanente de la educación terciaria en los países en desarrollo y transición. -- Una relación en cambio: las instituciones de educación terciaria, el mercado y el estado. -- El apoyo del Banco Mundial a la educación terciaria. | |
| 534 | _tConstructing knowledge societies : new challenges for tertiary education. | ||
| 650 | 2 | 4 |
_aEducación superior _xAspectos económicos _zPaises en desarrollo _910181 |
| 650 | 2 | 4 |
_aAsistencia educativa _zPaises en desarrollo _910182 |
| 650 | 2 | 4 |
_aEducación _xAspectos socioeconómicos _zPaises en desarrollo _910183 |
| 710 | 2 | 4 |
_aBanco Mundial _95980 |
| 942 |
_2ddc _cBK |
||
| 999 |
_c6839 _d6839 |
||